[Event "FICGS rapid D 000042 email"]
[Site "FICGS email"]
[Date "2010.06.02"]
[Round "1"]
[White "Cazeri, Jose Roque Jr"]
[Black "Biason, Adriano"]
[Result "0-1"]
[WhiteElo "1300"]
[BlackElo "1433"]
[PlyCount "58"]
[EventDate "2010.??.??"]
[EventType "tourn (rapid)"]
[EventRounds "5"]
[SourceTitle "Corr 2013"]
[Source "ChessBase"]
[SourceDate "2012.11.12"]
[SourceVersion "1"]
[SourceVersionDate "2012.11.12"]
[SourceQuality "1"]

1. e4 g6 2. d4 Bg7 3. Nf3 d6 4. Bc4 e6 5. 0-0 a6 6. Bb3 b6 7. c4 Bb7 8. Nc3 Ne7 9. Qd3 Nd7 10. Bg5 h6 11. Be3 0-0 12. h3 Kh7 13. a4 c5 14. d5 exd5 15. exd5 Nf5 16. Rfe1 Nxe3 17. Rxe3 Ne5 18. Nxe5 Bxe5 19. Rae1 Bc8 20. Rxe5 dxe5 21. Rxe5 Qd6 22. Re2 Bf5 23. Qf3 Qd8 24. g4 Bc8 25. a5 f5 26. axb6 Qxb6 27. Re7+ Kg8 28. Qf4 g5 29. Qe5 Qf6 0-1

[Event "FICGS class E 000123 email"]
[Site "FICGS email"]
[Date "2010.05.26"]
[Round "1"]
[White "Cazeri, Jose Roque Jr"]
[Black "Gramajo, Francisco"]
[Result "1-0"]
[WhiteElo "1300"]
[BlackElo "1248"]
[PlyCount "35"]
[EventDate "2010.??.??"]
[EventType "tourn (corr)"]
[EventRounds "6"]
[SourceTitle "Corr 2013"]
[Source "ChessBase"]
[SourceDate "2012.11.12"]
[SourceVersion "1"]
[SourceVersionDate "2012.11.12"]
[SourceQuality "1"]

1. e4 e5 2. Nf3 Nc6 3. Bc4 h6 4. 0-0 Nf6 5. d4 d6 6. d5 Ne7 7. Nc3 Ng6 8. Be3 a6 9. a4 Bg4 10. a5 b5 11. axb6 cxb6 12. Bxa6 Nd7 13. h3 Bxf3 14. Qxf3 Nc5 15. Bb5+ Nd7 16. Bxb6 Qb8 17. Qg4 Rxa1 18. Qxd7# 1-0

[Event "FICGS class E 000123 email"]
[Site "FICGS email"]
[Date "2010.05.26"]
[Round "1"]
[White "Guralivu, Paul Iosif"]
[Black "Cazeri, Jose Roque Jr"]
[Result "0-1"]
[WhiteElo "1289"]
[BlackElo "1300"]
[PlyCount "58"]
[EventDate "2010.??.??"]
[EventType "tourn (corr)"]
[EventRounds "6"]
[SourceTitle "Corr 2013"]
[Source "ChessBase"]
[SourceDate "2012.11.12"]
[SourceVersion "1"]
[SourceVersionDate "2012.11.12"]
[SourceQuality "1"]

1. e4 d5 2. exd5 Qxd5 3. Nc3 Qd6 4. Nf3 Nf6 5. d4 c6 6. Be2 Bg4 7. Be3 e6 8. h3 Bxf3 9. Bxf3 Be7 10. Qd2 Nbd7 11. 0-0-0 Nd5 12. Nxd5 cxd5 13. Kb1 0-0 14. c3 a5 15. Qd3 Rfc8 16. Be2 a4 17. Qb5 a3 18. b3 Rxc3 19. Rc1 Qc7 20. Bd2 Rc6 21. Rxc6 bxc6 22. Rc1 c5 23. Be3 c4 24. Bxc4 dxc4 25. Qxc4 Qa5 26. Qc7 Qf5+ 27. Ka1 Rd8 28. f3 Bf6 29. Qa7 Qd3 0-1

[Event "IECC TH-M email"]
[Site "IECC email"]
[Date "2002.03.20"]
[Round "?"]
[White "Ondo, Bob"]
[Black "Cazeri, Jose Roque Jr"]
[Result "1-0"]
[WhiteElo "1329"]
[BlackElo "1301"]
[PlyCount "72"]
[EventDate "2002.??.??"]
[EventType "match (corr)"]
[EventRounds "2"]
[SourceTitle "Corr 2008"]
[Source "ChessBase"]
[SourceDate "2008.06.24"]
[SourceVersion "1"]
[SourceVersionDate "2008.06.24"]
[SourceQuality "1"]

1. e4 c5 2. c3 Nf6 3. e5 Nd5 4. d4 cxd4 5. Qxd4 e6 6. Nf3 Nc6 7. Qe4 d6 8. Nbd2 dxe5 9. Nxe5 Nxe5 10. Qxe5 Qd6 11. Qxd6 Bxd6 12. Nc4 Ke7 13. Nxd6 Kxd6 14. Bd2 Bd7 15. c4 Nf6 16. 0-0-0 Ke7 17. Bb4+ Ke8 18. Bd3 a5 19. Bc3 Ke7 20. Rd2 Rhd8 21. Rhd1 h6 22. Bc2 Ne8 23. Be4 Bc6 24. Rxd8 Rxd8 25. Rxd8 Kxd8 26. Bxc6 bxc6 27. Bxa5+ Kc8 28. c5 f5 29. Bc3 g5 30. b4 Nc7 31. a4 Nd5 32. Kd2 h5 33. b5 cxb5 34. axb5 Nxc3 35. Kxc3 e5 36. Kc4 Kd7 1-0

[Event "IECG RE.2001.0.00001"]
[Site "IECG email"]
[Date "2001.07.08"]
[Round "?"]
[White "Cazeri, Jose Roque Jr"]
[Black "Dehaybe, Andre"]
[Result "0-1"]
[WhiteElo "1270"]
[BlackElo "1300"]
[PlyCount "91"]
[EventDate "2001.07.08"]
[EventType "tourn (corr)"]
[EventRounds "6"]
[SourceTitle "Corr 2008"]
[Source "ChessBase"]
[SourceDate "2008.06.24"]
[SourceVersion "1"]
[SourceVersionDate "2008.06.24"]
[SourceQuality "1"]

1. e4 d6 2. d4 Nf6 3. Nc3 Nbd7 4. Nf3 e5 5. g3 Be7 6. Bg2 0-0 7. 0-0 c6 8. a4 a5 9. b3 Qc7 10. Bb2 Nb6 11. Qd2 Be6 12. Rfe1 Rfe8 13. h3 Qc8 14. Rad1 Bxh3 15. dxe5 dxe5 16. Nxe5 Bb4 17. Bxh3 Qxh3 18. Qg5 h6 19. Qf5 Qxf5 20. exf5 Nbd5 21. Nxd5 Nxd5 22. Rf1 Re7 23. Nd3 Bc3 24. Bxc3 Nxc3 25. Rfe1 Rae8 26. Rxe7 Rxe7 27. Re1 Rxe1+ 28. Nxe1 b5 29. axb5 cxb5 30. Nd3 a4 31. bxa4 bxa4 32. Nc5 a3 33. Kf1 Kf8 34. Ke1 h5 35. f3 a2 36. Nb3 Nb5 37. Na1 Nd4 38. Kf2 Nxf5 39. c4 Ke7 40. g4 hxg4 41. fxg4 Nd6 42. Ke2 Nxc4 43. Kd3 Ne5+ 44. Kc2 Nxg4 45. Kb2 f5 46. Kxa2 0-1

[Event "IECG RE.2001.0.00001"]
[Site "IECG email"]
[Date "2001.07.08"]
[Round "?"]
[White "Cazeri, Jose Roque Jr"]
[Black "Grkinic, Goran"]
[Result "1/2-1/2"]
[WhiteElo "1270"]
[BlackElo "1387"]
[PlyCount "86"]
[EventDate "2001.07.08"]
[EventType "tourn (corr)"]
[EventRounds "6"]
[SourceTitle "Corr 2008"]
[Source "ChessBase"]
[SourceDate "2008.06.24"]
[SourceVersion "1"]
[SourceVersionDate "2008.06.24"]
[SourceQuality "1"]

1. e4 c5 2. c3 e6 3. d4 d5 4. exd5 exd5 5. Be3 cxd4 6. Bxd4 Nc6 7. Bb5 a6 8. Ba4 b5 9. Bb3 Nxd4 10. Qxd4 Nf6 11. Ne2 Bb7 12. 0-0 Bd6 13. Ng3 0-0 14. Nf5 Bc7 15. Nd2 g6 16. Nh6+ Kg7 17. Ng4 Bb6 18. Qxf6+ Qxf6 19. Nxf6 Kxf6 20. Nf3 Rfe8 21. Rfe1 a5 22. Rxe8 Rxe8 23. Re1 Rxe1+ 24. Nxe1 d4 25. Nd3 Be4 26. Bc2 dxc3 27. bxc3 Bc7 28. g3 Bd5 29. Nc1 Bd6 30. Bb1 a4 31. Ne2 Bc4 32. Kf1 h6 33. f4 Ke6 34. Ke1 Kd5 35. Kd2 Bc5 36. Nc1 Bg1 37. Ke1 h5 38. h4 Bb6 39. Nd3 Ke4 40. Ne5+ Ke3 41. Nxc4+ bxc4 42. Bc2 a3 43. Ba4 Ba5 1/2-1/2

[Event "IECG RE.2001.0.00001"]
[Site "IECG email"]
[Date "2001.07.08"]
[Round "?"]
[White "Pott, Brian"]
[Black "Cazeri, Jose Roque Jr"]
[Result "1/2-1/2"]
[WhiteElo "1200"]
[BlackElo "1270"]
[PlyCount "48"]
[EventDate "2001.07.08"]
[EventType "tourn (corr)"]
[EventRounds "6"]
[SourceTitle "Corr 2008"]
[Source "ChessBase"]
[SourceDate "2008.06.24"]
[SourceVersion "1"]
[SourceVersionDate "2008.06.24"]
[SourceQuality "1"]

1. e4 c6 2. d4 d5 3. e5 Bf5 4. Nf3 e6 5. Be2 Ne7 6. 0-0 h6 7. Nh4 Bh7 8. Nd2 Nd7 9. Nb3 Qb6 10. Bd2 a6 11. Ba5 Qa7 12. Bb4 Nf5 13. Nxf5 Bxf5 14. Bxf8 Rxf8 15. Bd3 Bxd3 16. Qxd3 c5 17. Nxc5 Nxc5 18. dxc5 Qxc5 19. Rac1 0-0-0 20. a3 f5 21. b4 Qc4 22. Qxc4+ dxc4 23. Rfd1 Rxd1+ 24. Rxd1 Rd8 1/2-1/2